XFL Football Teams Quiz - Statistics

General Stats
  • This quiz has been taken 13 times
  • The average score is 6 of 8
Answer Stats
After XFL Folded Team % Correct
Suspended Seattle Sea Dragons
100%
Joined UFL DC Defenders
92%
Joined UFL San Antonio Brahmas
92%
Joined UFL Arlington Renegades
83%
Joined UFL St. Louis Battlehawks
83%
Rebranded in UFL Houston Roughnecks
75%
Folded Vegas Vipers
67%
Folded Orlando Guardians
50%
No matching quizzes found
Score Distribution
Percent of People with Each Score
Percentile by Number Answered
Your Score History
You have not taken this quiz